| 000 | 00965nam a2200241 a 4500 | ||
|---|---|---|---|
| 001 | 38925 | ||
| 003 | BD-RjUL | ||
| 005 | 20211209052902.0 | ||
| 008 | 160323b20102014bg ||||e |||| 00| 0 ben d | ||
| 020 | _cTK 350.00 | ||
| 035 | _a(BD-RjUL) | ||
| 040 |
_aBD-RjUL _bben _cBD-RjUL |
||
| 041 | _aben | ||
| 082 |
_223 _a297.61 _bKAH 2014 |
||
| 100 |
_aকাসেম, মো. আবুল _9120174 |
||
| 245 | 1 | 0 |
_aহযরত শাহ মখদুম রুপোশ (রহ.) : যুগ মানস/ _cমো. আবুল কাসেম |
| 260 |
_aরাজশাহী : _bহযরত শাহ মখদুম রুপোশ (রহ.) দরগাহ এস্টেট ; _c২০১৪ । |
||
| 300 |
_a[২৬],৩২০ পৃ. : _bচিত্র ; _c২২ সেমি. |
||
| 504 | _aসহায়ক গ্রন্থপঞ্জি সম্বলিত | ||
| 650 |
_9120193 _aইসলাম |
||
| 650 |
_9120194 _aIslam |
||
| 942 |
_2ddc _cBK _01 |
||
| 999 |
_c38925 _d38925 |
||